000 00953nam0a22002651 4500
001 rc\3768324
005 20250530044004.0
021 _aRU
_b[75-100739]
035 _a(NLR Aleph) 007224749
090 _a7708694
_c7708694
100 _a20120127d1975 |||y0rusy50 ca
101 0 _arus
102 _aRU
105 _ay z |||a|
200 1 _aЛитературные связи и узбекская драматургия. (Первая треть XX в.)
_fС. Алиев
_gБухар. гос. пед. ин-т им. С. Орджоникидзе
210 _aТашкент
_cФан
_d1975
215 _a155 с.
_d21
606 _aУзбекская драматургия
_z20 в.
_2psbo
606 _aЛитературные связи народов СССР
_xИстория
_z20 в.
_2psbo
700 1 _aАлиев
_bС.
_gСаид
801 0 _aRU
_bNLR
_gpsbo
801 1 _aRU
_bELAR
_2rusmarc
852 _aNLR
_j76-3/1887
942 _cBOOK
980 _aNB